| 000 | 00480nam a22001817a 4500 | ||
|---|---|---|---|
| 003 | CEME | ||
| 005 | 20210628205940.0 | ||
| 008 | 210209b xxu||||| |||| 00| 0 eng d | ||
| 020 | _a81-7635-313-2 | ||
| 040 | _c. | ||
| 082 | _a005.3 ULR | ||
| 100 |
_aUlrich, Laurie _977607 |
||
| 245 | _aTeach yourself microsoft office 2000 in 21 days | ||
| 260 |
_aNEW DELHI _bTECHMEDIA _c1999 |
||
| 300 | _a668P | ||
| 650 |
_aMS OFFICE 2000 MICROSOFT OFFICE 2000 _977608 |
||
| 942 |
_cBK _2ddc |
||
| 999 |
_c582855 _d582855 |
||